| 000 | 00525nam a2200193Ia 4500 | ||
|---|---|---|---|
| 005 | 20250508165956.0 | ||
| 008 | 008 250505s9999 xx 000 0 eng d | ||
| 037 | _aReference | ||
| 040 |
_aFEDL _beng _cFEDL |
||
| 041 |
_aeng _2eng |
||
| 084 |
_a370.1, NAR/RR _qFEDL |
||
| 100 | _aNarinder Singh | ||
| 245 | 0 | _aSanskriti shiksha aur loktantra | |
| 260 |
_aNew Delhi, India _bGranth Shilpi _c1997 |
||
| 300 | _avi,82p. | ||
| 365 |
_aINR _b175 |
||
| 942 |
_cREF _h370.1, NAR/RR |
||
| 999 |
_c1398484 _d1398484 |
||